Normal view MARC view

Entry Topical Term

Number of records used in: 1

001 - CONTROL NUMBER

  • control field: 15996

003 - CONTROL NUMBER IDENTIFIER

  • control field: OSt

005 - DATE AND TIME OF LATEST TRANSACTION

  • control field: 20250314024103.0

008 - FIXED-LENGTH DATA ELEMENTS

  • fixed length control field: 250314|| aca||aabn | a|a d

040 ## - CATALOGING SOURCE

  • Original cataloging agency: OSt
  • Transcribing agency: OSt

150 ## - HEADING--TOPICAL TERM

  • Topical term or geographic name entry element: Mangement

670 ## - SOURCE DATA FOUND

  • Source citation: Work cat.: (OSt)5602: Callarman, William 15995, Cornerstone course, 2000